000 00431cam a2200145 4500500
005 20251012032535.0
041 _afre
042 _adc
100 1 0 _aBolzinger, André
_eauthor
245 0 0 _aLe double jeu de Pierre Janet
260 _c2005.
500 _a96
786 0 _nSigila | 15 | 1 | 2005-06-20 | p. 179-195 | 1286-1715
856 4 1 _uhttps://shs.cairn.info/revue-sigila-2005-1-page-179?lang=fr&redirect-ssocas=7080
999 _c1547622
_d1547622